Statystyki dla Z jakiego państwa jest ten klub?

Kliknij tutaj aby rozwiązać quiz!

Ogólne statystyki

  • Ten quiz został rozwiązany 776 razy
  • Średni wynik to 20 z 32

Statystyki odpowiedzi

KlubPaństwo% Poprawnych
Legia WarszawaPolska
100%
Wolverhampton WanderersAnglia
85%
MiddlesbroughAnglia
81%
LorientFrancja
81%
Pisa CalcioWłochy
80%
SalzburgAustria
79%
Wuhan ZallChiny
79%
MainzNiemcy
78%
ChojniczankaPolska
78%
MidtjyllandDania
71%
Racing SantanderHiszpania
70%
FK RostówRosja
69%
Atl. OttawaKanada
68%
ZwolleHolandia
67%
DudelangeLuksemburg
66%
SochiRosja
66%
Crvena ZvezdaSerbia
66%
Puskas AcademyWęgry
65%
Club AmericaMeksyk
63%
KV MechelenBelgia
60%
CadizHiszpania
56%
HeartsSzkocja
56%
Botafogo RJBrazylia
55%
BielefeldNiemcy
52%
BrestFrancja
49%
KilmarnockSzkocja
41%
MoreirensePortugalia
40%
Newells Old BoysArgentyna
37%
Al AhlyEgipt
34%
KasimpasaTurcja
34%
BohemiansIrlandia
31%
SiriusSzwecja
9%

Rozkład punktacji

Percentyl według liczby udzielonych odpowiedzi

Procent ludzi z każdym wynikiem

Twoja historia wyników

Nie rozwiązałeś tego quizu